000 00650nam a2200253Ia 4500
003 OSt
005 20221007110728.0
006 a|||||r|||| 00| 0
007 ta
008 221006b |||||||| |||| 00| 0 eng d
024 _a21,717
037 _cTextual
040 _aLCO
_cLCO
_beng
041 _2eng
_aeng
082 _aX8(A):Z,81, K8
100 _aKher V.B.
245 0 _aSupreme Court Digest of Labour Law Cases
260 _aBombay
_bThacker & Company Limited India
_c1968
300 _a405
490 _vVol.- III
650 _aLABOUR
942 _hX8(A):Z,81, K8
_cTEXL
999 _c1191280
_d1191280